Countries Mentioned in the Wikipedia Page of Keir Starmer - Statistics

General Stats
  • This quiz has been taken 119 times
  • The average score is 8 of 13
Answer Stats
Frequency Context Country % Correct
2 Starmer has pledged continued support for Ukrainians in their war against... Russia
100%
15 Starmer has served as Prime Minister of the... since 5 July 2024 United Kingdom
100%
5 In a meeting with Volodymyr Zelenskyy, Starmer called for an "irreversible" membership strategy for... to join NATO. Ukraine
98%
4 Starmer has pledged support for... in its war against Hamas Israel
97%
1 In July 2024, Starmer and... President Joe Biden discussed their shared commitment to the Special Relationship United States
94%
2 Starmer marched and authored legal opinions against the... War following the 2003 invasion of... Iraq
91%
1 arguing that... wanted to seize a third of Croatian territory during the 1990s war and eradicate the Croatian population. Serbia
76%
1 Starmer pledged to take a tougher approach to... on human rights and security issues. China
61%
2 Starmer's government immediately scrapped the controversial... Plan Rwanda
60%
1 Starmer represented... at the genocide hearings at the International Court of Justice in The Hague in 2014 Croatia
30%
1 He received the Bar Council's Sydney Elland Goldsmith Award in 2005 for his outstanding contribution to pro bono work in challenging the death penalty in... Uganda
15%
1 He received the Bar Council's Sydney Elland Goldsmith Award in 2005 for his outstanding contribution to pro bono work in challenging the death penalty in... Kenya
12%
1 He received the Bar Council's Sydney Elland Goldsmith Award in 2005 for his outstanding contribution to pro bono work in challenging the death penalty in... Malawi
4%
No matching quizzes found
Score Distribution
Percent of People with Each Score
Percentile by Number Answered
Your Score History
You have not taken this quiz